Technické zhodnotenie hmotného majetku odpisované nájomcom

Prípad, keď technické zhodnotenie samostatne odpisuje nájomca na základe dohody s prenajímateľom hmotného majetku. Podmienky pre odpisovanie technického zhodnotenia nájomcom. Postup nájomcu pri odpisovaní technického zhodnotenia. Spôsob naloženia s technickým zhodnotením po skončení nájomného pomeru...

Descrizione completa

Salvato in:
Dettagli Bibliografici
Autore principale: Pantlová, Elena
Natura: Capitolo di libro
Lingua:slovacco
Soggetti:
Tags: Aggiungi Tag
Nessun Tag, puoi essere il primo ad aggiungerne!!

MARC

LEADER 00000naa a2200000 4500
001 r030634
005 20230919080816.3
041 0 |a slo 
044 |a SK 
245 1 0 |a Technické zhodnotenie hmotného majetku odpisované nájomcom  |c Elena Pantlová 
520 |a Prípad, keď technické zhodnotenie samostatne odpisuje nájomca na základe dohody s prenajímateľom hmotného majetku. Podmienky pre odpisovanie technického zhodnotenia nájomcom. Postup nájomcu pri odpisovaní technického zhodnotenia. Spôsob naloženia s technickým zhodnotením po skončení nájomného pomeru. Odporúčania na dodržiavanie niektorých zásad. 
610 2 0 |a majetok hmotný 
610 2 0 |a zhodnotenie majetku 
610 2 0 |a odpisy 
610 2 0 |a prenájom 
610 2 0 |a zmluvy nájomné 
100 1 |a Pantlová, Elena